[Event "Prague"]
[Site "Prague"]
[Date "1993.??.??"]
[Round "8"]
[White "Smejkal, Jan"]
[Black "David, Alberto"]
[Result "1-0"]
[WhiteElo "2515"]
[BlackElo "2380"]
[Annotator "Ribli,Z"]
[PlyCount "77"]
[EventDate "1993.09.??"]
[EventType "tourn"]
[EventRounds "9"]
[EventCountry "CZE"]
[EventCategory "10"]
[SourceTitle "CBM 037"]
[Source "ChessBase"]
[SourceDate "1993.12.01"]
[SourceVersion "1"]
[SourceVersionDate "1993.12.01"]
[SourceQuality "1"]

1. Nf3 c5 2. c4 Nc6 3. d4 cxd4 4. Nxd4 Nf6 5. Nc3 e6 6. a3 d5 $6 (6... Be7 $5 {
Xu Jun-Adorjan,A/Shenzhen/1992/CBM31/}) 7. cxd5 exd5 8. Bg5 Be7 9. e3 Qb6 (9...
O-O $5 {Hansen,LB-Petran,P/Budapest/1989/CBM14/}) 10. Bb5 $1 $14 Be6 11. Na4
Qc7 12. Rc1 Bd7 13. O-O O-O $6 (13... Rc8 $14 {Vilela,JL-Lesiege,A/Capablanca
mem/1993/CBM36/}) 14. Bf4 $16 Qc8 15. Bxc6 bxc6 16. Qc2 Kh8 17. Nxc6 Qa6 18.
Nxe7 Bxa4 19. Qc3 Bb5 20. Rfd1 Qe6 21. Qe5 Rfe8 22. Qxe6 fxe6 23. Nc6 Ba4 24.
Re1 Rac8 25. Ne5 Kg8 26. f3 a5 27. b4 axb4 28. axb4 Bb5 29. Rc5 Rxc5 30. bxc5
Rc8 31. Rc1 Bc4 $2 (31... Nd7 $5) 32. Rb1 $1 Ne8 33. c6 $18 Ba6 34. Rb6 Ra8 35.
Nd7 Bc8 36. Rb8 Rxb8 37. Bxb8 Kf7 38. Nb6 Ba6 39. Be5 1-0

[Event "Elbow Beach Club GM-B"]
[Site "Paget Parish"]
[Date "2001.01.30"]
[Round "11"]
[White "Teplitsky, Yan"]
[Black "Shahade, Gregory P"]
[Result "1-0"]
[WhiteElo "2446"]
[BlackElo "2456"]
[Annotator "Ribli,Z"]
[PlyCount "97"]
[EventDate "2001.01.19"]
[EventType "tourn"]
[EventRounds "11"]
[EventCountry "BER"]
[EventCategory "9"]
[SourceTitle "CBM 081"]
[Source "ChessBase"]
[SourceDate "2001.03.20"]
[SourceVersion "1"]
[SourceVersionDate "2001.03.20"]
[SourceQuality "1"]

1. Nf3 c5 2. c4 Nc6 3. d4 cxd4 4. Nxd4 Nf6 5. Nc3 e6 6. g3 {Dieser Zug ist die
Hauptfortsetzung, aber auch 6.Ndb5,6.a3 und 6.Bf4 werden oft gespielt.} Bc5 {
Dieser Läuferzug wird heutzutage seltener gespielt.} (6... Qb6) 7. Nb3 Be7 {
Schwarz hat scheinbar ein Tempo verloren (wegen 6...Bc5 und 7...Be7), aber der
weiße Springer steht nun auf b3 statt auf d4.} 8. Bg2 d6 (8... O-O 9. O-O b6
10. Bf4 $14) 9. Bf4 {Weiß ist gut entwickelt, er übt positionellen Druck am
Damenflügel aus.} O-O 10. O-O Nh5 {Schwarz möchte den starken Bf4 entweder
vertreiben oder abtauschen.} 11. e3 $5 {Früher gab man der Fortsetzung 11.Be3
den Vorzug. Der Textzug wurde erstmals in der wohlbekannten Partie Karpov,A -
Topalov,V Linares 1994, angewandt.} (11. Qd2 Nxf4 12. gxf4 $14 (12. Qxf4 $14))
11... Nxf4 12. exf4 {Weiß hat einen Doppelbauern, sein Gegner das Läuferpaar.
Dank der Pc4 und Pf4 besitzt Weiß jedoch Raumvorteil, zudem steht sein Bg2
ausgezeichnet.} Bd7 (12... Na5 13. Qd3 $2 (13. Nd2 $16) 13... Nxb3 14. axb3 Qb6
(14... Qc7 15. Rfe1 $14) 15. Qe3 $5 Qxe3 16. fxe3 a6 17. Rfd1 {1/2-1/2
Pelletier,Y-Larsen,B/Zuerich 74/38 1998/Inf 74/[Pelletier,Y] (50)}) 13. Qd2 {
Weiß hat zwei offene Linien im Zentrum - noch droht er nichts Konkretes, aber
er kann seinen Druck in der Folge mit Rad1 und Rffe1 verstärken.} Qb8 (13...
Qb6 14. Ne4 $14 (14. c5 dxc5 15. Qxd7 Rad8 16. Bxc6 Rxd7 17. Bxd7 c4 18. Nc1
Qxb2 19. N1e2 Bf6 $15)) 14. Rfe1 Rd8 {Schwarz bereitet das Manöver Be8 vor und
ignoriert die positionellen Drohung seines Kontrahenten. In der Stammpartie
Karpov,A - Topalov,V Linares 1994 wählte Schwarz 14.g6, um sich gegen 15.f5 zu
schützen.} (14... g6 15. h4 a6 16. h5 b5 17. hxg6 hxg6 18. Nc5 $1 dxc5 19. Qxd7
Rc8 20. Rxe6 $1 $16 {1-0 Karpov,A-Topalov,V/Linares 1994/Inf 60/[Karpov,An] 
(39)}) 15. f5 $1 $14 {[%mdl 4]} Ne5 (15... e5 16. g4 $14 {[%csl Gd5]} (16. Nd5
{[%csl Gd5]} Bxf5 17. Na5 Bf8 18. Nxc6 bxc6 19. Nb4 Qb6 20. Nxc6 Rdc8 $13)) (
15... exf5 $2 16. Bxc6 $18) 16. fxe6 Bxe6 (16... fxe6 17. Nd4 $14 (17. Qe2 $14)
) 17. Nd5 {[%csl Gd5] Weiß hat einen kleinen aber dauerhaften Vorteil - denn
er hat die Herrschaft über das Schlüsselfeld d5. Der schwarzfeldrige Läufer
steht passiv.} Bxd5 18. Bxd5 {[%csl Gd5]} Qc7 19. Rac1 (19. f4 $5 $16 {Dieser
Zug erscheint mir logisch - so kann Weiß die einzige aktive Figur von Schwarz
verjagen.}) 19... Bf6 20. Nd4 {Weiß verbessert seine Springerstellung und
eröffnet sich damit für die Zukunft eine Vielzahl möglicher Springermanöver.}
Qd7 21. Kg2 (21. Re2 $14 {[%cal Gc1e1]}) (21. f4 Nc6 22. Nb5 $16) 21... Rac8
22. b3 Re8 (22... a6 $14) 23. Nb5 {[%mdl 32] 24. Nxd6 droht nicht, denn nach
24...Qxd6 25.Bxf7+ kommt 25...Nxf7. Mit dem Textzug bereitet Weiß vielmehr das
Manöver Nc3-e4 vor.} a6 24. Nc3 Ng6 (24... b5 25. Ne4 Be7 26. f4 Ng6 (26... Nc6
27. Nc5 $1 Qa7 (27... dxc5 28. Bxf7+ Kxf7 29. Qxd7 $18) 28. Bxf7+ $1 Kxf7 29.
Qd5+ Kg6 (29... Kf8 30. Ne6+ $18) 30. Re6+ Bf6 31. f5+ Kh6 32. Qd2+ Kh5 33.
Qe2+ $18) 27. c5 $16) 25. Ne4 Be7 26. h3 {Weiß spielt sehr prophylaktisch und
verteidigt sich gegen 26...Qg4.} (26. c5 Qg4 27. Nxd6 $16) 26... Rcd8 27. Re3 {
Der weiße Plan ist einfach und gut - er möchte anschließend Rce1 und Qe2
spielen.} h6 {Schwarz hat keine aktiven Möglichkeiten - er kann nur abwarten.}
(27... b5 $2 28. cxb5 axb5 29. Bc6 $16) 28. Rce1 Bf8 29. Nc3 Ne7 (29... Rxe3
30. Qxe3 $16 {[%cal Ge1e8]}) 30. Bf3 (30. Qe2 Nxd5 31. Nxd5 Rxe3 32. Qxe3 $16)
30... b5 31. Qe2 $1 $16 {[%csl Rf8][%cal Re1e8] Droht 32.Nd5 mit
Materialgewinn. Weiß hat nicht nur die bessere Bauernstruktur, auch seine
Figuren stehen viel aktiver.} Qa7 (31... bxc4 32. Nd5 (32. bxc4 $16) 32... cxb3
33. axb3 Nxd5 34. Rxe8 $18) 32. Nd5 (32. Bc6 Nxc6 33. Rxe8 $18) 32... Rd7 33.
cxb5 axb5 34. Qxb5 {Weiß hat in überlegener Stellung einen Mehrbauern.} Rb8 35.
Nxe7+ Bxe7 (35... Rxe7 36. Rxe7 Qxe7 (36... Bxe7 37. Rxe7 $18) 37. Rxe7 Rxb5
38. Rd7 $18) 36. Qe2 (36. Qd5 $16) 36... Bf6 37. Re8+ (37. Bd5 $16) 37... Rxe8
(37... Kh7 38. Rxb8 Qxb8 39. Bd5 $16) 38. Qxe8+ Kh7 39. Bd5 {Man könnte meinen,
dass die Anwesenheit ungleichfarbiger Läufer die Remischancen für Schwarz
erhöht, aber in unserer konkreten Stellung besitzt Weiß starken Angriff auf
den weißen Punkten.} Be5 40. Qc8 (40. Re4 $16) 40... Rc7 41. Qa8 Qd4 (41...
Qxa8 42. Bxa8 $16 {[%csl Ga2,Gb3] Weiß hat nur einen Bauern mehr, aber seine
verbundenen Freibauern am Damenflügel sind gefährlich.}) 42. Bc4 {[%csl Gc4]}
Ra7 43. Qf3 Kg8 (43... Rxa2 44. Qxf7 $18 (44. Qf5+ $18)) 44. a4 Qb6 45. h4 $1 {
Weiß möchte noch mehr Raum am Königsflügel gewinnen.} Qc7 46. h5 $18 {[%csl
Rg8,Gh5] Der schwarze König schwebt in großer Gefahr.} Qd7 47. Qe4 {Weiß
kontrolliert die e-Linie und bereitet das tödliche 48.f4 vor.} Ra5 (47... Qe7
48. Bd3 Kf8 49. Rc1 $18) 48. f4 {Dieser Zug gewinnt mindestens eine Figur und
die Partie.} Qc8 49. Re2 (49. Re2 Bf6 50. Qe8+ $18) (49. fxe5 Rxe5 50. Qb1 Qc6+
51. Kf2 Qc5+ 52. Kf3 Rf5+ (52... Qc6+ 53. Re4 $18) 53. Kg4 Rg5+ 54. Kh3 Rxh5+
55. Kg2 $18) 1-0

[Event "Koop Tjuchem"]
[Site "Groningen"]
[Date "1996.??.??"]
[Round "9"]
[White "Sokolov, Ivan"]
[Black "Leko, Peter"]
[Result "1/2-1/2"]
[WhiteElo "2670"]
[BlackElo "2630"]
[Annotator "Ribli,Z"]
[PlyCount "91"]
[EventDate "1996.12.20"]
[EventType "tourn"]
[EventRounds "11"]
[EventCountry "NED"]
[EventCategory "16"]
[SourceTitle "CBM 057"]
[Source "ChessBase"]
[SourceDate "1997.04.01"]
[SourceVersion "1"]
[SourceVersionDate "1997.04.01"]
[SourceQuality "1"]

1. Nf3 {Yudasin,L} Nf6 2. c4 c5 3. Nc3 Nc6 4. d4 cxd4 5. Nxd4 e6 6. a3 {
Eine bescheidene, aber gefährliche Fortsetzung.Ribli.} Nxd4 {Das ist eine
seinerzeit vom ungarischen GM Sax in die Turnierpraxis eingeführte Fortsetzung.
Er hat diesen Zug dreimal gegen Kortschnoj in ihrem Wettkampf 1991 ausprobiert.
Ribli.} (6... Be7 {Yudasin,L 0-0-d5}) 7. Qxd4 b6 {Schwarz hat gutes
Figurenspiel und schnelle Entwicklung.Ich glaube, daß 6.a3 nicht viel für Weiß
bietet.Ribli.} 8. e4 $146 (8. Qf4 Bb7 (8... Bc5 $5 9. e4 d6 10. Be3 e5 11. Qg3
O-O 12. Bxc5 bxc5 13. Qd3 Rb8 14. O-O-O $13 {Kortschnoj}) 9. e4 d6 10. Bd3 Be7
11. Qg3 $1 $14 {Kortschnoj,V-Sax,G/Wijk cm2/1991/}) (8. Bf4 Bc5 9. Qd3 O-O 10.
b4 Be7 11. e4 a5 12. b5 Bb7 13. Be2 d5 $11 {Ftacnik,L-Motwani/Erevan Olm/1996/}
) (8. b4 {Yudasin,L} a5) (8. Bg5 {Yudasin,L} Bc5 9. Qd2 O-O) 8... Bc5 9. Qd1
Bb7 10. Bd3 (10. e5 $2 Ne4) 10... O-O (10... Qb8 $5 $11) 11. e5 (11. O-O {
Yudasin,L} d5 12. cxd5 exd5 13. e5 Ne4 $11) 11... Ne8 12. O-O f5 (12... d6 $2
13. b4 Bd4 14. Bxh7+ Kxh7 15. Qxd4) (12... Be7 $5 {Yudasin,L with d6} 13. Qe2
$14 {[%cal Gf1d1,Gc1f4]}) 13. exf6 (13. Qe2 {Yudasin,L} a6) 13... Nxf6 (13...
Qxf6 14. Qe2) 14. b4 Be7 (14... Bd4 $2 {Yudasin,L} 15. Bxh7+) 15. Qe2 $14 {
Ich glaube, daß Weiss in dieser Stellung etwas Vorteil hat, weil er mehr Raum
kontrolliert und ruhig f2-f3 spielen kann, was "gegen" den Laeufer auf b7
gerichtet ist. Außerdem gibt es positionelle Schwächen im schwarzen Lager.
Ribli.} Qc7 16. Nb5 (16. Bb2 {Yudasin,L} a6 {Yudasin: with Bd6}) 16... Qc6 17.
f3 {Das ist der ideale Bauernaufbau. Nach diesem Zug hat Schwarz keine realen
Chancen am Königsflügel.Ribli.} a6 (17... a5 $2 18. Bd2) 18. Nd4 Qc7 19. Be3
Rae8 (19... Bd6 {Yudasin,L} 20. f4 {with Rac1 and c5}) 20. Nb3 {preparing c5} (
20. Rac1 $5 {Wäre meiner Meinung nach logischer, weil nach 20...e5 Weiß 21.Nf5
hat. Deshalb vermeidet Schwarz 2o...e5 und kann z.B. 20...Kh8 spielen. Ribli.})
20... e5 {Jetzt ist der letzte Moment für Schwarz, um etwas Aktives zu spielen.
Ribli.} (20... a5 $5 {Yudasin,L}) 21. c5 (21. Qf2 Ng4 (21... e4 $5) 22. Bxb6 (
22. Bxh7+ Kxh7 (22... Kh8 23. Bxb6 Nxf2 (23... Qc6 $13) 24. Bxc7) 23. Qc2+)
22... Nxf2 23. Bxc7 Nxd3) (21. Rac1) 21... bxc5 (21... b5 22. a4) (21... e4 $2
{Yudasin,L} 22. Bc4+) 22. Nxc5 Bxc5 23. Bxc5 d6 24. Be3 {Yudasin: white
enjoyes the advantages of the two bishops and black very weak a6 pawn} (24. Bf2
Nh5) 24... Qc8 {Endlich findet Schwarz den rechten Plan. Er steht nur etwas
schlechter, aber später wird er dank seines starken Läufers, und des
potentiellen Vormarsches mit den d-und e-Bauern Gegenspiel haben. Weiß hat
eine solide Stellung, mit zwei Läufern, und seine Bauernstruktur ist besser.
Ribli.} 25. Rac1 Qa8 26. Bb1 (26. Rc7 {Yudasin,L} Nd5 27. Bc4 Kh8) 26... Rf7 (
26... Nd5 $2 {Yudasin,L} 27. Qd3 g6 (27... Nxe3 28. Qxh7+ Kf7 29. Rc7+) 28. Bh6
$16) 27. Bg5 {Yudasin: threatening Qd3 attacking both the h7 and d6 pawns} d5 {
Unsere Partie hat den ECO-Code A33, aber jetzt können wir eine typische
sizilianische Stellung sehen.Ribli.} 28. Qd3 (28. Rc5 $1 {Yudasin,L Qc2+/-})
28... Kh8 29. Rc5 d4 {Yudasin: with the idea e4 and getting some play on the
a1-h8 diagonal} 30. Bxf6 (30. Ba2 $16 {Yudasin,L}) (30. Re1 {Yudasin,L} e4 31.
fxe4 Nxe4) 30... gxf6 31. Qf5 Qd8 32. Bd3 (32. Rfc1 $16 {Yudasin,L}) 32... Rg7
{Der vom aktiven Nachziehenden "gestichelte" Weiße muß aufmerksam spielen,
weil sein Gegner die Initiative auf der halboffenen g-Linie hat. Ribli.} (32...
Qd7 {Yudasin,L} 33. Qxd7 Rxd7 34. Rfc1 $16 {[%cal Gc1c8,Gc5a5]}) 33. Rfc1 (33.
Rf2 {Yudasin,L}) 33... Qd6 34. R1c2 Reg8 35. Re2 (35. a4 {Yudasin,L Yudasin:
with b5 maybe the best plan}) (35. g3 {Yudasin,L} e4 {[%cal Gg8g1,Gd6g3]})
35... Bc6 36. Qh5 (36. Bxa6 $5 Bxf3 (36... Bd7 37. Qd3) (36... d3 37. Qxd3 (37.
Bxd3 Qd4+ 38. Kf1) 37... Qxd3 38. Bxd3 Bxf3) 37. Qxf3 Qxa6 38. Rc6 e4 39. Rxa6
(39. Qxe4 Qxa3 40. Qxd4 Qf3 41. Rcc2) 39... exf3) 36... Bb5 37. Qf5 Bxd3 38.
Qxd3 f5 $1 39. Rc4 (39. Qxf5 $2 d3 40. Rd2 Qd4+ 41. Kf1 Qa1+ $19) (39. Rcxe5 $4
{Yudasin,L} Qxe5 $1 40. Rxe5 Rxg2+ 41. Kf1 Rg1+ 42. Kf2 R8g2#) 39... Qf6 40.
Rcc2 Re7 41. a4 Rd8 42. b5 axb5 43. axb5 e4 44. fxe4 fxe4 45. Rxe4 Rxe4 46.
Qxe4 {Und hier wurde Remis gegeben. Schwarz wird 46...d3 spielen, und Weiss
hat mehrere Alternativen. 47.Rd2 Qd4 48.Qxd4 Rxd4 49.Kf2 Rxb4 50.Rxd3 Rxb5
ergibt eine gleiche Stellung, aber nach 47.Rd2 ist Qa1 noch besser, und 48.Kf2
Rf8 49.Kg3 Qg7 50.Qg4 Qe5 51.Kh3 Qe3 52.Kh4 Rf4 gewinnt für Schwarz. Besser
ist es für Weiss, 47.Rf2 zu spielen mit 47...Qa1 48.Rf1 Qd4 49.Qxd4 Rxd4 und
gleicher Stellung.Ribli.} 1/2-1/2

[Event "ARG-World"]
[Site "Buenos Aires"]
[Date "1994.??.??"]
[Round "9"]
[White "Casafus, Ruben Andres"]
[Black "Bellon Lopez, Juan Manuel"]
[Result "0-1"]
[WhiteElo "2430"]
[BlackElo "2460"]
[Annotator "Ribli,Z"]
[PlyCount "122"]
[EventDate "1994.04.??"]
[EventType "schev"]
[EventRounds "10"]
[EventCountry "ARG"]
[SourceTitle "CBM 042"]
[Source "ChessBase"]
[SourceDate "1994.10.01"]
[SourceVersion "1"]
[SourceVersionDate "1994.10.01"]
[SourceQuality "1"]

1. Nf3 c5 2. c4 Nc6 3. d4 cxd4 4. Nxd4 Nf6 5. Nc3 e6 6. g3 Qb6 7. Nb3 Ne5 8. e4
Bb4 9. Qe2 d6 10. f4 Nc6 11. Be3 Bxc3+ 12. bxc3 Qc7 13. Bg2 O-O 14. c5 (14. O-O
b6 15. g4 Ba6 16. g5 Nd7 17. Rf3 Rfe8 18. Rh3 Nf8 $13 {Illescas Cordoba,
M-Gelfand,B/Dos Hermanas/1994/CBM41/}) 14... dxc5 15. Bxc5 Rd8 16. e5 Na5 $1
17. Bb4 (17. exf6 Nxb3 18. axb3 Qxc5 19. Qe5 Qb6 $10 {Uhlmann,W-van der Wiel,J/
Baden Baden-B/1992/CBM32/}) (17. Qb5 Nxb3 18. axb3 Bd7 $13 {Smejkal,J-Lau,R/
Porz/1992/CBM31/}) 17... Nxb3 18. axb3 Nd5 19. Bxd5 exd5 $5 (19... Rxd5 20. c4
Rd8 21. Bd6 Qc6 22. O-O b6 23. Qg2 Bb7 24. Qxc6 Bxc6 25. Ra3 $14) 20. Qe3 b6
21. Qd4 Bf5 $1 22. O-O (22. Kf2 $5) 22... Qc6 23. Rf2 (23. Rfc1 Be4 $13) 23...
a5 24. Bd6 Rdc8 25. Rc1 a4 $1 26. bxa4 (26. b4 a3 27. Ra2 Ra4 28. Rca1 Rca8 $15
) 26... Rxa4 27. Bb4 h5 28. Rd2 h4 $1 29. Re1 (29. Qxd5 $2 Qxd5 30. Rxd5 Rxb4
$19) 29... h3 30. Kf2 (30. Qxd5 Qxd5 31. Rxd5 Ra2 $17) 30... Rca8 31. Qxd5 Qxd5
32. Rxd5 Bg4 $1 $44 33. Rd2 Ra2 34. c4 R8a4 35. Rc1 (35. Rb1 $2 Rxb4 $19) 35...
Be6 36. Ke3 Rxd2 37. Bxd2 Bxc4 38. Rb1 Ra3+ 39. Kf2 (39. Kd4 Rd3+ 40. Kxc4 Rxd2
41. Rxb6 Rxh2 $17) 39... b5 40. Rc1 Rb3 41. g4 Rb2 42. Ke1 Kf8 43. Rc3 Ke7 44.
Rxh3 Rb1+ 45. Kf2 b4 46. Bxb4+ (46. f5 b3 $19) 46... Rxb4 47. Rh7 $2 (47. Ra3
$5) 47... Bd3 48. Rxg7 Bg6 49. e6 Kf8 50. e7+ Kxe7 51. Rg8 Rxf4+ 52. Kg3 Rf1
53. h4 Rd1 54. Kf4 Rd4+ 55. Kg5 (55. Kg3 $5) 55... f6+ $1 56. Kh6 (56. Kxg6
Rxg4+ 57. Kh7 Rxh4+ 58. Kg7 Rg4+ 59. Kh7 Rxg8 60. Kxg8 f5 $19) 56... Bf7 57.
Rg7 f5 $1 58. gxf5 Kf6 59. h5 Rh4 60. Rg6+ (60. Rg5 Rh1 $19) 60... Bxg6 61.
fxg6 Rh1 0-1

[Event "Ciocaltea Memorial"]
[Site "Bucharest"]
[Date "1999.03.04"]
[Round "1"]
[White "Ionescu, Constantin"]
[Black "Conquest, Stuart"]
[Result "0-1"]
[WhiteElo "2482"]
[BlackElo "2488"]
[Annotator "Ribli,Z"]
[PlyCount "44"]
[EventDate "1999.03.04"]
[EventType "tourn"]
[EventRounds "13"]
[EventCountry "ROU"]
[EventCategory "10"]
[SourceTitle "CBM 070"]
[Source "ChessBase"]
[SourceDate "1999.06.08"]
[SourceVersion "1"]
[SourceVersionDate "1999.06.08"]
[SourceQuality "1"]

{[%mdl 68]} 1. Nf3 c5 2. c4 Nc6 3. d4 cxd4 4. Nxd4 e6 5. Nc3 {In dieser
Zugfolge muß Weiß so spielen, denn nach 5.g3 bekommt Schwarz aktives Spiel mit
5...Qb6 6.Nb3 Ne5. Ribli.} Nf6 6. g3 {Weiß hat viele Alternativen: 6.Bg5, 6.
Bf4, 6.Ndb5, 6.a3 oder 6.e4, aber der Partiezug ist ist die prinzipielle weiße
Fortsetzung.} Qb6 7. Nb3 Ne5 8. e4 Bb4 9. Qe2 {Weiß hat ein starkes
Bauernzentrum, das bringt aber andererseits auch Sorgen mit sich. Um Bg2 zu
spielen, muß er erstmal den Bauern c4 verteidigen.} d6 10. f4 (10. Bd2 $5 {
Dieser Zug, gefolgt von 0-0-0, wirkt viel gefährlicher als die
Partiefortsetzung.}) 10... Nc6 11. Bg2 $6 {Die Eröffnungstheorie empfiehlt
diesen Zug nicht. Die Alternative scheint mir besser zu sein.} (11. Be3 Bxc3+
12. bxc3 Qc7 13. Bg2) 11... e5 {[%csl Yd4] Schwarz übernimmt die Kontrolle im
Zentrum.} 12. Bd2 (12. Be3 Nd4 $1 $15 {Das ist ein großre Unterschied! Nach 11.
Be3 wäre dieser Zug nicht möglich.}) 12... O-O 13. f5 {Das ist die relativ
beste Fortsetzung. Weiß muß die Stellung geschlossen halten.} (13. Nd5 $2 Nxd5
14. cxd5 Bxd2+ 15. Qxd2 Nb4 $1 16. a3 (16. Nc1 exf4 17. gxf4 Re8 18. Qf2 Nxd5
19. Qxb6 axb6 {0-1 Whiteley,A-Kinsman,A/Sheffield 1996/EXT 97 (29)}) 16... Nxd5
$1 17. exd5 (17. Qxd5 Be6 $19) 17... Re8 $5 18. Nc1 $1 exf4+ 19. Kf1 Bd7 $2 {
[FM R. Hanel]. 0-1 Hanel,R-Hoelzl,F/AUT BL 1989/TD 90\04 (33)} (19... Re3 20.
gxf4 Bd7 $19)) (13. Nb5 $6 exf4 14. gxf4 Re8 15. Bxb4 Nxb4 {/\ Bg4, Re4-+} 16.
O-O-O d5 $1 (16... Bg4 $6 17. Qd2 Bxd1 18. Rxd1 Nxa2+ $2 (18... a5 $1 19. Nxd6
Nxa2+ 20. Kc2 a4 $1 21. Nc1 Nb4+ 22. Kb1 Red8 23. e5 a3 {/\ Ne8-/+}) 19. Kb1 a6
20. Qxd6 {1-0 Portisch,L-Sax,G/Bruxelles 1988/Inf 45 (42)}) 17. Qd2 (17. c5 Qa6
$19) 17... dxc4 18. Qxb4 cxb3 19. Qxb3 Be6 $19) 13... Bd7 {Die Alternative 13..
.Nd4 ist ebenso gut. Schwarz hat gutes Figurenspiel und kann mit ...Nd4 / ...
Rac8 aktives Spiel bekommen, während es für Weiß nicht so einfach ist, seinen
König in Sicherheit zu bringen.} (13... Nd4 14. Qd1 (14. Nxd4 exd4 15. Nb5
Bxd2+ 16. Qxd2 d5 17. Qxd4 Qxd4 18. Nxd4 dxe4 19. O-O Rd8 20. Nb5 a6 21. Nc3
Rd4 22. Rae1 Rxc4 23. Nxe4 Nxe4 24. Rxe4 Rxe4 25. Bxe4 Kf8 26. Rc1 Ke7 27. Bxb7
Bxb7 28. Rc7+ Kf6 29. Rxb7 Rc8 30. a4 Rc2 {1/2-1/2 Pogorelov,R-Kolev,A/
Zaragoza op 1996/EXT 96op2 (52)}) (14. Na4 $6 Bxd2+ 15. Qxd2 Qa6 (15... Nxb3
16. Nxb6 Nxd2 17. Nxa8 Ndxe4 $44) 16. Nxd4 $8 Qxc4 $1 17. b3 Qxd4 18. Qxd4 exd4
19. O-O-O d5 $5 (19... b5 $1 20. e5 Rb8 21. exf6 bxa4 22. fxg7 Kxg7 $15) 20.
Rxd4 dxe4 21. Rf1 $1 $15 {1/2-1/2 Greenfeld,A-Tolnai,T/Budapest 1989/Inf 47/
[Tolnai,T] (43)}) 14... Bd7 15. g4 Bc6 16. g5 Nxb3 17. Qxb3 Bxc3 18. Qxb6 Bxd2+
19. Kxd2 Nxe4+ 20. Bxe4 axb6 21. Ke3 f6 22. Rhg1 Ra5 23. Rad1 fxg5 24. Rxd6
Rxa2 25. Rxg5 Rxb2 {1/2-1/2 Akesson,R-Kotsur,P/Erevan olm 1996/EXT 96ch2 (35)})
14. g4 $6 {Dieser Angriffszug hat keine Unterstützung.} (14. Qd3 $5 Nd4 15. Rd1
Bc6 16. Rf1 Nxb3 17. axb3 Nd7 18. Qc2 f6 19. Ke2 Nc5 20. Be3 Bxc3 21. Bxc5 dxc5
22. bxc3 a5 23. Ra1 Rfd8 24. Ke3 Rd6 {1/2-1/2 Karpov,A-Gulko,B/Linares 1989/
CBM 11 (24)}) 14... Nd4 $15 {[%csl Gd4]} 15. Nxd4 $2 {Dieser Zug hilft nur dem
Gegner. Weiß muß die Finger vom schwarzen Springer auf d4 lassen.} (15. Qd1 Bc6
16. g5 Nxb3 17. Qxb3 Bxc3 18. Qxb6 Bxd2+ 19. Kxd2 Nxe4+ 20. Bxe4 axb6 $15 {
Mit Zugumstellung haben wir eine Stellung aus der Partie Akesson,R - Kotsur,P,
Erevan 1996 - siehe 13...Nd4 14.Qd1 Bd7 15.g4 Bc6.}) 15... exd4 16. Nd5 (16. g5
dxc3 17. bxc3 Nxe4 18. Bxe4 (18. cxb4 Rfe8) 18... Rfe8 {[%csl Re1,Re2][%cal
Ge8e1]} 19. cxb4 Qd4 $19 {[%csl Re1,Re2][%cal Rd4a1,Rd4e4]}) 16... Nxd5 17.
cxd5 {[#]} d3 $1 $17 {[%csl Re1,Re2] Schwarz opfert einen Bauern, aber bekommt
überlegenen Angriff. Der weiße König steht allein in der Mitte.} 18. Qxd3 (18.
Qf3 Bxd2+ 19. Kxd2 Qxb2+ $19) 18... Bb5 {[%csl Gb4,Gb5,Gb6,Rd3,Re1]} 19. Qf3 (
19. Qb3 Bxd2+ 20. Kxd2 Qf2+ $19 {[%cal Rf2d2,Rf2g2]}) (19. Qc2 Qe3+ $19) 19...
Bxd2+ 20. Kxd2 Qd4+ {[%csl Gb5,Rd2,Gd4]} 21. Ke1 (21. Kc1 Rac8+ $19) 21... Qxb2
$19 {[%csl Ra1,Gb2,Gb5,Re1]} 22. Rd1 Rac8 {[%csl Re1] Weiß gab in völlig
hoffnungsloser Stellung auf. Sein König befindet sich im Mattnetz. Eine
katastrophale Niederlage für Ionescu.} 0-1